000 00293nam a2200133Ia 4500
005 20251222144624.0
008 251222s9999||||xx |||||||||||||| ||spa||
082 _a920.7/L45
100 _aLeon, Gustavo
245 0 _aLa Perricholi:
250 _a1ra.ed.
264 _bCONCYTEC
942 _cLIB
999 _c16066
_d16066